logo

Bir Sreshtho Munshi Abdur Rouf Library
Jhenaidah Cadet College

মোসলমানী জিন্দিগী / (Record no. 2696)

MARC details
000 -LEADER
fixed length control field 00656nam a2200217 a 4500
001 - CONTROL NUMBER
JCCL Control Number 2696
003 - CONTROL NUMBER IDENTIFIER
JCCL marc code BD-JhCC
005 - DATE AND TIME OF LATEST TRANSACTION
control field 20171106093750.0
008 - FIXED-LENGTH DATA ELEMENTS--GENERAL INFORMATION
fixed length control field 171106s1383 bg |||| ||a| 000 0 ben d
035 ## - SYSTEM CONTROL NUMBER
system control number (BD-JhCC)2696
040 ## - CATALOGING SOURCE
Original cataloging agency BD-JhCC
Modifying agency BD-JhCC
041 ## - LANGUAGE CODE
Language code of Book ben
082 ## - DEWEY DECIMAL CLASSIFICATION NUMBER
Classification number 297
Author mark and Year RAH 1383
100 ## - MAIN ENTRY--PERSONAL NAME
Personal name রহমান, সুফী হাবিবুর
245 ## - TITLE STATEMENT
Title মোসলমানী জিন্দিগী /
Statement of responsibility, etc সুফী হাবিবুর রহমান,
260 ## - PUBLICATION, DISTRIBUTION, ETC. (IMPRINT)
Place of publication, distribution, etc ঢাকা :
Name of publisher, distributor, etc ঢাকা বুক মার্ট,
Date of publication, distribution, etc 1383
300 ## - PHYSICAL DESCRIPTION
Pagination 280 p. :
Dimensions 20 cm.
650 ## - SUBJECT ADDED ENTRY--TOPICAL TERM
Topical term or geographic name as entry element Islam
942 ## - ADDED ENTRY ELEMENTS (KOHA)
Source of classification or shelving scheme Dewey Decimal Classification
Koha item type Books
Holdings
Source of classification or shelving scheme Damaged status Not for loan Home library Current library Shelving location Cost, normal purchase price Total Checkouts Full call number Barcode Date last seen Copy number Koha item type volume number Date of accession
Dewey Decimal Classification     JCC Rouf Library JCC Rouf Library General Stacks 20.00   297 RAH 1383 4534 11/06/2017 C-1 Books    
Dewey Decimal Classification     JCC Rouf Library JCC Rouf Library General Stacks 20.00   297 RAH 1383 4398 11/06/2017 C-2 Books V-1 11/06/2017
Dewey Decimal Classification     JCC Rouf Library JCC Rouf Library General Stacks 25.00   297 RAH 1383 8991 01/28/2018 C-3 Books   01/28/2018

JCC Library | Contacts | JCC Home

Last Update on 23 September 2017
Copyright @ 2017-2020 JCC Rouf Library
Rouf Library, Jhenidah Cadet College (JCC), Bangladesh